000 00272nam a2200109Ia 4500
008 190913s9999||||xx |||||||||||||| ||und||
100 _aSodri Ariffin
245 0 _aFundamentals of Entrepreneurship
260 _aKarachi
_bOxford Press
_c1988
300 _a782
942 _cBK
999 _c8215
_d8215